Информационные технологии: учебное пособие

Bibliographic Details
Main Author: Исакова А. И. Анна Ивановна
Corporate Author: Национальный исследовательский Томский политехнический университет (ТПУ) Юргинский технологический институт (ЮТИ)
Other Authors: Исаков М. Н. Михаил Николаевич
Summary:Заглавие с титульного экрана
Электронная версия печатной публикации
В пособии даются понятия информационных технологий (ИТ), платформы информационного обеспечения, классификация ИТ. Представлены ИТ конечного пользователя: стандарты пользовательского интерфейса, технологии обработки данных, применения ИТ на рабочем месте пользователя. Приводятся описания технологий открытых систем на примере сетевых ИТ и авторских ИТ. Рассматривается интеграция ИТ: распределенные системы обработки данных; технологии "клиент-сервер"; информационные хранилища; системы электронного документооборота; геоинформационные системы; корпоративные ИС, технологии обеспечения безопасности в ИТ и т.д. Предназначено для студентов высших учебных заведений, обучающихся п направлению подготовки 230700 "Прикладная информатика" и другим экономическим специальностям.
Режим доступа: из корпоративной сети ТПУ
Language:Russian
Published: Томск, Изд-во ТПУ, 2013
Subjects:
Online Access:http://www.lib.tpu.ru/fulltext2/m/2013/m240.pdf
Format: Electronic Book
KOHA link:https://koha.lib.tpu.ru/cgi-bin/koha/opac-detail.pl?biblionumber=244567

MARC

LEADER 00000nlm0a2200000 4500
001 244567
005 20231101232047.0
035 |a (RuTPU)RU\TPU\book\265955 
090 |a 244567 
100 |a 20131024d2013 m y0rusy50 ca 
101 0 |a rus 
102 |a RU 
105 |a a j 001zy 
135 |a drcn ---uucaa 
181 0 |a i  
182 0 |a b 
200 1 |a Информационные технологии  |b Электронный ресурс  |e учебное пособие  |f А. И. Исакова, М. Н. Исаков  |g Национальный исследовательский Томский политехнический университет (ТПУ), Юргинский технологический институт (ЮТИ) 
203 |a Текст  |c электронный 
210 |a Томск  |c Изд-во ТПУ  |d 2013 
230 |a 1 компьютерный файл (pdf; 2.9 MB) 
300 |a Заглавие с титульного экрана 
300 |a Электронная версия печатной публикации 
330 |a В пособии даются понятия информационных технологий (ИТ), платформы информационного обеспечения, классификация ИТ. Представлены ИТ конечного пользователя: стандарты пользовательского интерфейса, технологии обработки данных, применения ИТ на рабочем месте пользователя. Приводятся описания технологий открытых систем на примере сетевых ИТ и авторских ИТ. Рассматривается интеграция ИТ: распределенные системы обработки данных; технологии "клиент-сервер"; информационные хранилища; системы электронного документооборота; геоинформационные системы; корпоративные ИС, технологии обеспечения безопасности в ИТ и т.д. Предназначено для студентов высших учебных заведений, обучающихся п направлению подготовки 230700 "Прикладная информатика" и другим экономическим специальностям. 
333 |a Режим доступа: из корпоративной сети ТПУ 
337 |a Adobe Reader 
606 1 |a Информационные технологии  |x Вычислительная техника  |2 stltpush  |3 (RuTPU)RU\TPU\subj\36205  |9 57667 
610 1 |a электронный ресурс 
610 1 |a учебные пособия 
610 1 |a компьютерные технологии 
610 1 |a открытые системы 
610 1 |a интеграция 
610 1 |a пользователи 
610 1 |a пользовательский интерфейс 
610 1 |a клиент-сервер 
610 1 |a электронные хранилища 
610 1 |a электронный документооборот 
610 1 |a геоинформационные системы 
610 1 |a безопасность 
675 |a 004(075.8)  |v 4 
700 1 |a Исакова  |b А. И.  |g Анна Ивановна  |3 (RuTPU)RU\TPU\pers\26408 
701 1 |a Исаков  |b М. Н.  |g Михаил Николаевич 
712 0 2 |a Национальный исследовательский Томский политехнический университет (ТПУ)  |b Юргинский технологический институт (ЮТИ)  |c (2009- )  |h 349  |2 stltpush  |3 (RuTPU)RU\TPU\col\15903 
801 1 |a RU  |b 63413507  |c 20131024 
801 2 |a RU  |b 63413507  |c 20141010  |g RCR 
856 4 |u http://www.lib.tpu.ru/fulltext2/m/2013/m240.pdf 
900 |a Информационные технологии 
942 |c CF